|
|
|
|
| LEADER |
00765nab a2200241 i 4500 |
| 001 |
misc65411 |
| 005 |
20230511133842.0 |
| 008 |
230328s1963 hu o 0|| eng d |
| 040 |
|
|
|a SZTE Miscellanea Repozitórium
|b hun
|
| 041 |
|
|
|a eng
|
| 041 |
|
|
|a fre
|
| 041 |
|
|
|a rus
|
| 245 |
0 |
0 |
|a Ukazatel' statej, opublikovannyh v žurnale Voprosy âzykoznaniâ v 1963 g. No 1-6.
|h [elektronikus dokumentum]
|
| 260 |
|
|
|c 1963
|
| 300 |
|
|
|a 173-176
|c 27 cm
|
| 300 |
|
|
|a [4] p.
|c 27 cm
|
| 490 |
0 |
|
|a Voprosy âzykoznaniâ
|
| 561 |
|
|
|a Németh Gyula hagyaték
|
| 591 |
|
|
|a NOB 6230; NOB 6399
|
| 650 |
|
4 |
|a Bölcsészettudományok
|
| 650 |
|
4 |
|a Nyelvek és irodalom
|
| 695 |
|
|
|a Nyelvtudomány
|
| 856 |
4 |
0 |
|u http://misc.bibl.u-szeged.hu/65411/1/6230_nob.pdf
|z Dokumentum-elérés
|